Problems and materials on Trail Advocacy (Record no. 4763)

MARC details
000 -LEADER
fixed length control field 00545nam a22001457a 4500
008 - FIXED-LENGTH DATA ELEMENTS--GENERAL INFORMATION
fixed length control field 120105t xxu||||| |||| 00| 0 eng d
040 ## - CATALOGING SOURCE
Original cataloging agency Law Development Centre
082 ## - DEWEY DECIMAL CLASSIFICATION NUMBER
Classification number 347.052/LEV
100 ## - MAIN ENTRY--PERSONAL NAME
Personal name A. Leo Levin
9 (RLIN) 5653
245 ## - TITLE STATEMENT
Title Problems and materials on Trail Advocacy
260 ## - PUBLICATION, DISTRIBUTION, ETC. (IMPRINT)
Place of publication, distribution, etc New York
Name of publisher, distributor, etc Mineola, New York
Date of publication, distribution, etc 1968 by foundation of the American College of Trial Lawyers
300 ## - PHYSICAL DESCRIPTION
Extent 1-275p.:
Other physical details Index p. 277-279
942 ## - ADDED ENTRY ELEMENTS (KOHA)
Source of classification or shelving scheme Dewey Decimal Classification
Item type Books
Holdings
Withdrawn status Lost status Source of classification or shelving scheme Damaged status Not for loan Home library Current library Shelving location Date acquired Total Checkouts Full call number Barcode Date last seen Price effective from Koha item type
    Dewey Decimal Classification     Law Development Centre Main Library Law Development Centre Main Library Text Books and Laws 01/05/2012   347.052/LEV 3241/2012 01/05/2012 01/05/2012 Books